أسس الإدارة الناجحة / (رقم التسجيلة. 102902)
[ عرض عادي ]
| 000 -LEADER | |
|---|---|
| fixed length control field | 00652nam a22002177a 4500 |
| 005 - DATE AND TIME OF LATEST TRANSACTION | |
| control field | 20251108173408.0 |
| 008 - FIXED-LENGTH DATA ELEMENTS--GENERAL INFORMATION | |
| fixed length control field | 250721s1995 xx 000 0 ara d |
| 082 14 - DEWEY DECIMAL CLASSIFICATION NUMBER | |
| Classification number | 658 |
| 100 1# - MAIN ENTRY--PERSONAL NAME | |
| Personal name | كينان، كيت |
| 245 10 - TITLE STATEMENT | |
| Title | أسس الإدارة الناجحة / |
| 264 1# - PRODUCTION, PUBLICATION, DISTRIBUTION, MANUFACTURE, AND COPYRIGHT NOTICE | |
| Place of production, publication, distribution, manufacture | بيرون : |
| Name of producer, publisher, distributor, manufacturer | الدار العربية للعلوم، |
| Date of production, publication, distribution, manufacture, or copyright notice | 1995. |
| 300 ## - PHYSICAL DESCRIPTION | |
| Extent | 47ص |
| 490 0# - SERIES STATEMENT | |
| Series statement | سلسلة الدليل الإداري |
| 650 17 - SUBJECT ADDED ENTRY--TOPICAL TERM | |
| Topical term or geographic name as entry element | الإدارة |
| 650 17 - SUBJECT ADDED ENTRY--TOPICAL TERM | |
| Topical term or geographic name as entry element | النجاح |
| 650 17 - SUBJECT ADDED ENTRY--TOPICAL TERM | |
| Topical term or geographic name as entry element | القيادة |
| 700 1# - ADDED ENTRY--PERSONAL NAME | |
| Personal name | سليمان، نعمت |
| Relator term | مترجم |
| 710 2# - ADDED ENTRY--CORPORATE NAME | |
| Corporate name or jurisdiction name as entry element | مركز التعريب والبرمجة |
| 942 ## - ADDED ENTRY ELEMENTS (KOHA) | |
| Source of classification or shelving scheme | Dewey Decimal Classification |
| Koha item type | كتب |
| حالة السحب | حالة الفقدان | مصدر التصنيف | حالة التلف | غير قابل للإعارة | المكتبة الرئيسية | المكتبة الحالية | موقع الرف | تاريخ التزويد | الرقم المتسلسل | Total Checkouts | رقم الإستدعاء | الباركود | تاريخ آخر ظهور | تاريخ الفاتورة | نوع المادة (كوها) |
|---|---|---|---|---|---|---|---|---|---|---|---|---|---|---|---|
| Dewey Decimal Classification | المكتبة المركزية | المكتبة المركزية | الإعارة | 28/07/2025 | 853629 | 658 | 853629 | 28/07/2025 | 28/07/2025 | كتب |